<?xml version="1.0" encoding="UTF-8"?>
<marc:record xmlns:marc="http://www.loc.gov/MARC21/slim">
   <marc:leader>00000nam a2200000 a 4500</marc:leader>
   <marc:datafield ind1="1" ind2=" " tag="100">
      <marc:subfield code="a">Eckholt, Margit</marc:subfield>
      <marc:subfield code="4">aut</marc:subfield>
      <marc:subfield code="e">Verfasser/-in</marc:subfield>
   </marc:datafield>
   <marc:datafield ind1=" " ind2=" " tag="653">
      <marc:subfield code="a">Sinnsuche</marc:subfield>
   </marc:datafield>
   <marc:datafield ind1=" " ind2=" " tag="653">
      <marc:subfield code="a">Ausdrucksform</marc:subfield>
   </marc:datafield>
   <marc:datafield ind1="0" ind2="0" tag="245">
      <marc:subfield code="a">Die grosse Sinnsuche</marc:subfield>
   </marc:datafield>
   <marc:datafield ind1="0" ind2="0" tag="245">
      <marc:subfield code="b">Ausdrucksformen und Räume heutiger Spiritualität</marc:subfield>
   </marc:datafield>
   <marc:datafield ind1=" " ind2="1" tag="264">
      <marc:subfield code="b">Matthias Grünewald Verlag</marc:subfield>
      <marc:subfield code="c">2016</marc:subfield>
   </marc:datafield>
   <marc:datafield ind1="1" ind2=" " tag="520">
      <marc:subfield code="a">Heute sind vielfältige, teils konkurrierende Spiritualitätsangebote attraktiv, die längst nicht mehr religionsspezifisch oder kirchlich verortet, sondern auf einem freien Markt zugänglich sind. "Spiritualität" auch ohne Gott wird zur Selbstverständlichkeit.
Die Theologie überlässt diese Phänomene nicht der Religionssoziologie, sondern nutzt die Herausforderung für sich selbst. Wie steht es um die eigenen spirituellen Traditionen? Warum finden immer weniger Menschen in den christlichen Traditionen einen Ort für ihre Sehnsucht? Wie sind die neuen Bewegungen aus christlicher Sicht zu verstehen und zu bewerten?...(aus dem Umschlagtext)</marc:subfield>
   </marc:datafield>
   <marc:datafield ind1="3" ind2=" " tag="024">
      <marc:subfield code="a">9783786730743</marc:subfield>
   </marc:datafield>
</marc:record>
